<?xml version="1.0" encoding="UTF-8"?>
<record
    xmlns:xsi="http://www.w3.org/2001/XMLSchema-instance"
    xsi:schemaLocation="http://www.loc.gov/MARC21/slim http://www.loc.gov/standards/marcxml/schema/MARC21slim.xsd"
    xmlns="http://www.loc.gov/MARC21/slim">

  <leader>00493nam a2200193Ia 4500</leader>
  <controlfield tag="008">230125s9999    xx            000 0 und d</controlfield>
  <datafield tag="020" ind1=" " ind2=" ">
    <subfield code="a">81-87105-39-9</subfield>
  </datafield>
  <datafield tag="041" ind1=" " ind2=" ">
    <subfield code="a">eng</subfield>
  </datafield>
  <datafield tag="082" ind1=" " ind2=" ">
    <subfield code="a">005.754</subfield>
    <subfield code="b">DAN</subfield>
  </datafield>
  <datafield tag="100" ind1=" " ind2=" ">
    <subfield code="a">Danesh A</subfield>
    <subfield code="9">110695</subfield>
  </datafield>
  <datafield tag="245" ind1=" " ind2=" ">
    <subfield code="a">Javascript interactive course</subfield>
  </datafield>
  <datafield tag="260" ind1=" " ind2=" ">
    <subfield code="c">1998</subfield>
    <subfield code="b">Techmedia publications</subfield>
    <subfield code="a">New Delhi</subfield>
  </datafield>
  <datafield tag="300" ind1=" " ind2=" ">
    <subfield code="a">616p</subfield>
  </datafield>
  <datafield tag="500" ind1=" " ind2=" ">
    <subfield code="a">Javascript</subfield>
  </datafield>
  <datafield tag="500" ind1=" " ind2=" ">
    <subfield code="a">Javascript</subfield>
  </datafield>
  <datafield tag="650" ind1=" " ind2=" ">
    <subfield code="a">Computer Management</subfield>
  </datafield>
  <datafield tag="700" ind1=" " ind2=" ">
    <subfield code="a">Danesh A</subfield>
    <subfield code="9">110695</subfield>
  </datafield>
  <datafield tag="999" ind1=" " ind2=" ">
    <subfield code="c">87560</subfield>
    <subfield code="d">87560</subfield>
  </datafield>
  <datafield tag="952" ind1=" " ind2=" ">
    <subfield code="0">2</subfield>
    <subfield code="1">0</subfield>
    <subfield code="4">0</subfield>
    <subfield code="7">0</subfield>
    <subfield code="a">HIMR</subfield>
    <subfield code="b">HIMR</subfield>
    <subfield code="d">2001-03-22</subfield>
    <subfield code="e">M Book services</subfield>
    <subfield code="g">450.00</subfield>
    <subfield code="o">005.754 DAN B02474</subfield>
    <subfield code="p">HIMR-BK-2474</subfield>
    <subfield code="r">2023-01-25 00:00:00</subfield>
    <subfield code="v">450.00</subfield>
    <subfield code="w">2001-03-22</subfield>
    <subfield code="y">BK</subfield>
    <subfield code="z">B02474</subfield>
  </datafield>
  <datafield tag="952" ind1=" " ind2=" ">
    <subfield code="0">1</subfield>
    <subfield code="1">0</subfield>
    <subfield code="4">0</subfield>
    <subfield code="7">0</subfield>
    <subfield code="a">HIMR</subfield>
    <subfield code="b">HIMR</subfield>
    <subfield code="d">2001-12-18</subfield>
    <subfield code="e">Varma Book Distributor</subfield>
    <subfield code="g">450.00</subfield>
    <subfield code="i">3093/10.01.2002</subfield>
    <subfield code="o">005.754 DAN B02865</subfield>
    <subfield code="p">HIMR-BK-2865</subfield>
    <subfield code="r">2023-01-25 00:00:00</subfield>
    <subfield code="v">450.00</subfield>
    <subfield code="w">2002-01-12</subfield>
    <subfield code="y">BK</subfield>
    <subfield code="z">B02865</subfield>
  </datafield>
  <datafield tag="952" ind1=" " ind2=" ">
    <subfield code="0">1</subfield>
    <subfield code="1">0</subfield>
    <subfield code="4">0</subfield>
    <subfield code="7">0</subfield>
    <subfield code="a">HIMR</subfield>
    <subfield code="b">HIMR</subfield>
    <subfield code="d">2001-12-18</subfield>
    <subfield code="e">Varma Book Distributor</subfield>
    <subfield code="g">450.00</subfield>
    <subfield code="i">3093/10.01.2002</subfield>
    <subfield code="o">005.754 DAN B02866</subfield>
    <subfield code="p">HIMR-BK-2866</subfield>
    <subfield code="r">2023-01-25 00:00:00</subfield>
    <subfield code="v">450.00</subfield>
    <subfield code="w">2002-01-12</subfield>
    <subfield code="y">BK</subfield>
    <subfield code="z">B02866</subfield>
  </datafield>
</record>
